000 00345nam a2200133Ia 4500
008 220204s9999 xx 000 0 und d
082 _a658.3
_bADA
100 _aAdams, Harold P
245 0 _aBasic principles of supervision
260 _aNew Delhi
_bEurasia
_c1957
650 _aPersonnel management
700 _aDickey, Frank G
942 _cBK
999 _c20960
_d20960